Geology and manganese deposits of the Maple and Hovey Mountains area, Aroostook County, Maine. With a section on Lithology and mineralogy of the deposits, (Record no. 29694)

MARC details
000 -LEADER
fixed length control field 01244cam a22003131 4500
001 - CONTROL NUMBER
control field gs 63000185
003 - CONTROL NUMBER IDENTIFIER
control field DLC
005 - DATE AND TIME OF LATEST TRANSACTION
control field 20260227111412.0
008 - FIXED-LENGTH DATA ELEMENTS--GENERAL INFORMATION
fixed length control field 761015s1962 dcuabd b f000 0 eng
010 ## - LIBRARY OF CONGRESS CONTROL NUMBER
LC control number gs 63000185
035 ## - SYSTEM CONTROL NUMBER
System control number (OCoLC)2505815
040 ## - CATALOGING SOURCE
Original cataloging agency DLC
Transcribing agency OClU
Modifying agency ISS
-- OCoLC
-- DLC
042 ## - AUTHENTICATION CODE
Authentication code premarc
050 00 - LIBRARY OF CONGRESS CALL NUMBER
Classification number QE75
Item number .P9 no. 362
051 ## - LIBRARY OF CONGRESS COPY, ISSUE, OFFPRINT STATEMENT
Classification number TN490.M3
Item number P35
Copy information Copy 2.
086 0# - GOVERNMENT DOCUMENT CLASSIFICATION NUMBER
Classification number I 19.16:362
100 1# - MAIN ENTRY--PERSONAL NAME
Personal name Pavlides, Louis,
Dates associated with a name 1921-
245 10 - TITLE STATEMENT
Title Geology and manganese deposits of the Maple and Hovey Mountains area, Aroostook County, Maine. With a section on Lithology and mineralogy of the deposits,
Statement of responsibility, etc. by Louis Pavlides and Charles Milton.
260 ## - PUBLICATION, DISTRIBUTION, ETC.
Place of publication, distribution, etc. Washington,
Name of publisher, distributor, etc. U.S. Govt. Print. Off.,
Date of publication, distribution, etc. 1962.
300 ## - PHYSICAL DESCRIPTION
Extent 116 p.
Other physical details illus., maps (part col.) diagrs., tables.
Dimensions 29 cm.
410 20 - SERIES STATEMENT/ADDED ENTRY--CORPORATE NAME [OBSOLETE, CAN/MARC], [LOCAL, USA]
Corporate name or jurisdiction name as entry element Geological Survey (U.S.).
Title of a work Professional paper
Volume number/sequential designation 362
500 ## - GENERAL NOTE
General note Part of illustrative matter fold in pocket.
504 ## - BIBLIOGRAPHY, ETC. NOTE
Bibliography, etc. note Bibliography: p. 112-114.
650 #0 - SUBJECT ADDED ENTRY--TOPICAL TERM
Topical term or geographic name entry element Manganese ores
Geographic subdivision Maine
-- Aroostook County.
650 #0 - SUBJECT ADDED ENTRY--TOPICAL TERM
Topical term or geographic name entry element Geology
Geographic subdivision Maine
-- Aroostook County.
700 1# - ADDED ENTRY--PERSONAL NAME
Personal name Milton, Charles,
Dates associated with a name 1896-
740 0# - ADDED ENTRY--UNCONTROLLED RELATED/ANALYTICAL TITLE
Uncontrolled related/analytical title Maple and Hovey Mountains area, Aroostook County, Maine.
740 0# - ADDED ENTRY--UNCONTROLLED RELATED/ANALYTICAL TITLE
Uncontrolled related/analytical title Hovey Mountains area, Aroostook County, Maine.

No items available.

Powered by Koha